000 00670cab a22002295a 4500
001 L157358
008 121031e20121020xxk 000 0 eng d
035 _a(Sirsi) u157358
041 0 _aeng
100 1 _aQuinn, David
245 0 0 _aFocus
_bEMEA
260 _c2012
490 _aEstates Gazette
_v(1242) 20 October 2012, 69-75(6)
520 _aHow the Eurozone crisis has resulted in changes to investment and polarised markets across Europe. Also includes information about Dubai's property market.
590 _aKA
651 4 _aEurope
651 4 _aAsia
651 4 _aMiddle East
651 4 _aAfrica
690 _aCommercial property
_96227
942 _n0
999 _c84350
_d84350